header

Diversity Consciousness (Record no. 255210)

MARC details
000 -LEADER
fixed length control field 00440nam a22001577a 4500
003 - CONTROL NUMBER IDENTIFIER
control field OSt
005 - DATE AND TIME OF LATEST TRANSACTION
control field 20160919093336.0
008 - FIXED-LENGTH DATA ELEMENTS--GENERAL INFORMATION
fixed length control field 160919b xxu||||| |||| 00| 0 eng d
020 ## - INTERNATIONAL STANDARD BOOK NUMBER
International Standard Book Number 9780135014639
040 ## - CATALOGING SOURCE
Transcribing agency N/A
100 ## - MAIN ENTRY--PERSONAL NAME
Personal name Richard .D.Bucher.... [at al]
245 ## - TITLE STATEMENT
Title Diversity Consciousness
Remainder of title Opening our mind to people,cultures and opportunities
250 ## - EDITION STATEMENT
Edition statement 3rd ed
260 ## - PUBLICATION, DISTRIBUTION, ETC. (IMPRINT)
Place of publication, distribution, etc NewJersey
Name of publisher, distributor, etc Prentice Hall
Date of publication, distribution, etc 2010
942 ## - ADDED ENTRY ELEMENTS (KOHA)
Source of classification or shelving scheme Library of Congress Classification
Koha item type Long Loan Books
Holdings
Withdrawn status Lost status Source of classification or shelving scheme Damaged status Not for loan Collection code Home library Current library Shelving location Date acquired Total Checkouts Full call number Barcode Date last seen Price effective from Koha item type Date checked out
    Library of Congress Classification     Non-fiction Rongo University Library Rongo University Library General Stacks 19/09/2016   HF5549.5M5B83 2010 201617477 19/09/2016 19/09/2016 Long Loan Books  
    Library of Congress Classification     Non-fiction Rongo University Library Rongo University Library General Stacks 19/09/2016 1 HF5549.5M5B83 2010 201617476 11/10/2017 19/09/2016 Long Loan Books 27/09/2017
    Library of Congress Classification     Non-fiction Rongo University Library Rongo University Library General Stacks 19/09/2016   HF5549.5M5B83 2010 201617479 19/09/2016 19/09/2016 Long Loan Books  
    Library of Congress Classification     Non-fiction Rongo University Library Rongo University Library General Stacks 19/09/2016   HF5549.5M5B83 2010 201617475 19/09/2016 19/09/2016 Long Loan Books  
    Library of Congress Classification     Non-fiction Rongo University Library Rongo University Library General Stacks 19/09/2016   HF5549.5M5B83 2010 201617478 19/09/2016 19/09/2016 Long Loan Books  
    Library of Congress Classification       Rongo University Library Rongo University Library   16/02/2017   201617468 HF 5549.5 .M5 B83 20 16/02/2017 16/02/2017 Long Loan Books  

© 2026 Rongo University
Contact us: librarian | system librarian | Rongo university